| 000 | 00499nam a22001937a 4500 | ||
|---|---|---|---|
| 003 | OSt | ||
| 005 | 20140310182954.0 | ||
| 008 | 130207t xxu||||| |||| 00| 0 eng d | ||
| 020 | _a9789716422931 | ||
| 050 |
_aHB 171.5 _b.Z13 2009 |
||
| 100 | _aZaide, Sonia M. | ||
| 245 |
_aLiving economics / _cSonia M. Zaide |
||
| 260 |
_aQuezon City : _bAll Nations Pub., _c2009. |
||
| 300 |
_a226 p. : _c26 cm. _bill. ; |
||
| 521 | _aBSBA | ||
| 650 | _aEconomics. | ||
| 942 |
_2lcc _cBK _kLOC |
||
| 999 |
_c17960 _d17960 |
||